Štatistická ročenka o hlavnom meste SSR Bratislave 1981

Na minha lista:
Detalhes bibliográficos
Formato: Livro
Idioma:eslovaco
Publicado em: Bratislava Slovenský štatistický úrad 1981
Assuntos:
Tags: Adicionar Tag
Sem tags, seja o primeiro a adicionar uma tag!

MARC

LEADER 00000nam a2200000 4500
001 c128763
005 20260116113849.9
041 0 |a slo 
044 |a SK 
245 1 0 |a Štatistická ročenka o hlavnom meste SSR Bratislave 1981 
264 1 |a Bratislava  |b Slovenský štatistický úrad  |c 1981 
300 |a 259 s. 
610 2 0 |a Slovensko 
610 2 0 |a mestá 
610 2 0 |a Bratislava